<?xml version="1.0" encoding="UTF-8"?>
<marc:record xmlns:marc="http://www.loc.gov/MARC21/slim">
   <marc:leader>00000nam a2200000 a 4500</marc:leader>
   <marc:datafield ind1="1" ind2=" " tag="100">
      <marc:subfield code="a">BERGER, Effi</marc:subfield>
      <marc:subfield code="4">aut</marc:subfield>
      <marc:subfield code="e">Verfasser/-in</marc:subfield>
   </marc:datafield>
   <marc:datafield ind1="0" ind2="0" tag="245">
      <marc:subfield code="a">Ein Model packt aus.</marc:subfield>
   </marc:datafield>
   <marc:datafield ind1="0" ind2="0" tag="245">
      <marc:subfield code="c">Effi BERGER</marc:subfield>
   </marc:datafield>
   <marc:datafield ind1=" " ind2="1" tag="264">
      <marc:subfield code="a">Frankfurt/M.</marc:subfield>
      <marc:subfield code="b">Ullstein</marc:subfield>
      <marc:subfield code="c">2009</marc:subfield>
   </marc:datafield>
   <marc:datafield ind1=" " ind2=" " tag="250">
      <marc:subfield code="a">1</marc:subfield>
   </marc:datafield>
   <marc:datafield ind1="1" ind2=" " tag="520">
      <marc:subfield code="a">Effi Berger war jahrelang ein gefragtes Model. Sie hetzte von Modenschau zu Modenschau, reiste für Shootings um die halbe Welt - und erlebte hautnah, was sich wirklich hinter den Kulissen der Branche abspielt. Rasant und selbstironisch erzählt sie von den Abgründen ihres Modelalltags: von ewig schmerzenden Füßen und erbarmungslosen Fotografen, von blutigen Zickenkämpfen, von aberwitzigen Gewichtsforderungen und Knebelverträgen. Sie verrät Beautytricks ihrer Konkurrentinnen (z.B. das Geheimnis der Orangensaft-Wattebausch-Diät) und schildert, warum Dates mit männlichen Models so anstrengend sind. Das Buch einer Insiderin, das glänzend unterhält - und allen Möchtegern-Topmodels die Augen öffnet.</marc:subfield>
   </marc:datafield>
   <marc:datafield ind1=" " ind2=" " tag="020">
      <marc:subfield code="a">3548372279</marc:subfield>
      <marc:subfield code="9">3548372279</marc:subfield>
   </marc:datafield>
   <marc:datafield ind1=" " ind2=" " tag="300">
      <marc:subfield code="a">191</marc:subfield>
   </marc:datafield>
</marc:record>
